Érsekujvár - Laktanya

Zobrazenie: Pohľad na budovu kasární. Vľavo aj vpravo pred budovou vidno dva vysoké listnaté stromy, pred vchodom stoja traja muži

Bibliographic Details
Format: Postcard
Language:Hungarian
PhysicalDescription:1 pohľadnica tónovaná do modra 9 x 14 cm
Published: [Nové Zámky?] Adler József [1919?]
Subjects:

MARC

LEADER 00000ckm a2200000 a 4500
001 vtls010072826
003 SK-MaSNL
005 20260512122018.0
007 kp ao
008 200701q1919 xo g kuhun
015 |a SNBG1919 
040 |a SNK  |b slo  |c SNK  |e AACR2 
041 0 |a hun 
043 |a e-xo--- 
044 |a xo  |c SK 
072 7 |a 913  |x Regionálna geografia  |2 konspekt 
080 |a 913(437.6)  |2 2011 
080 |a (084.121)  |2 2011 
080 |a 355.711  |2 2011 
245 0 0 |a Érsekujvár - Laktanya  |h grafika 
260 |a [Nové Zámky?]  |b Adler József  |c [1919?] 
300 |a 1 pohľadnica  |b tónovaná do modra  |c 9 x 14 cm 
500 |a Názvové údaje prevzaté z obrazovej časti pohľadnice 
520 8 |a Zobrazenie: Pohľad na budovu kasární. Vľavo aj vpravo pred budovou vidno dva vysoké listnaté stromy, pred vchodom stoja traja muži 
650 0 7 |a kasárne  |2 SNKPH  |9 29949 
651 7 |a Nové Zámky (Slovensko)  |2 SNKPHgeo  |9 15884 
655 7 |a miestne pohľadnice  |2 SNKPH  |9 70510 
958 |a GBN 
958 |a GC 
958 |a ONDV 
999 |c 574639  |d 576569 
952 |a SNK  |b SNK  |y PREZ  |7 0  |p 17A0648240  |o snkSP 67014  |0 0  |1 0  |4 0  |d 2010-03-08  |f 1  |l 0  |r 2026-02-23 14:28:48  |w 2026-02-23